| 000 | 03014nam a22003494a 4500 | ||
|---|---|---|---|
| 001 | ebr10114021 | ||
| 003 | CaPaEBR | ||
| 006 | m u | ||
| 007 | cr cn||||||||| | ||
| 008 | 020715s2004 njua sb 001 0 eng | ||
| 010 | _z 2002011003 | ||
| 020 | _z0471438537 | ||
| 040 |
_aCaPaEBR _cCaPaEBR |
||
| 035 | _a(OCoLC)559958479 | ||
| 050 | 1 | 4 |
_aRC267 _b.C776 2004eb |
| 082 | 0 | 4 |
_a616.99/4027 _221 |
| 245 | 0 | 0 |
_aCulture of human tumor cells _h[electronic resource] / _ceditors, Roswitha Pfragner, R. Ian. Freshney. |
| 260 |
_aHoboken, N.J. : _bWiley-Liss, _cc2004. |
||
| 300 |
_axvi, 435 p. : _bill. |
||
| 490 | 1 | _aCulture of specialized cells | |
| 504 | _aIncludes bibliographical references and index. | ||
| 505 | 0 |
_tGrowth of human lung tumor cells in culture / _rReen Wu -- _tCulture of normal and malignant gastric epithelium / _rJae-Gahb Park, Ja-Lok Ku, Hee-Sung Kim, So-Yeon Park and Michael J. Rutten -- _tEstablishment of cell lines from colon carcinoma / _rRobert H. Whitehead -- _tPancreatic cancer-derived cultured cells: genetic alterations and application to an experimental model of pancreatic cancer metastasis / _rHaruo Iguchi, Kazuhiro Mizumoto, Masaki Shono and Akira Kono -- _tThe establishment and characterization of bladder cancer cultures in vitro / _rVivian X. Fu, Steven R. Schwarze, Catherine A. Reznikoff and David F. Jarrard -- _tLong-term culture of normal and malignant human prostate epithelial cells / _rRobert K. Bright and Jennifer D. Lewis -- _tThe development of human ovarian epithelial tumor cell lines from solid tumors and ascites / _rAnne P. Wilson -- _tCulture of cervical carcinoma tumor cell lines / _rPeter Stern, Catherine West and Deborah Burt -- _tPrimary culture of human mammary tumor cells / _rRoswitha Pfragner, Valerie Speirs -- _tMyoepithelium: methods of culture and study / _rSanford H. Barsky and Mary L. Alpaugh -- _tMultistage head and neck squamous cell carcinoma / _rKirsten G. Edington, Isabella J. Berry, Margaret O'Prey, Julie E. Burns, Louise J. Clark, Roy Mitchell, Gerry Robertson, David Soutar, Lesley W. Coggins and E. Kenneth Parkinson -- Culture of melanocytes from normal, benign and malignant lesions / Ruth Halaban -- Establishment and culture of human leukemia-lymphoma cell lines / G. Drexler -- In vitro culture of malignant brain tumors / John L. Darling -- Culture of human neuroendocrine tumor cells / Roswitha Pfragner, Annemarie Behmel, Elisabeth Ingolic and Gerhard H. Wirnsberger. |
|
| 533 |
_aElectronic reproduction. _bPalo Alto, Calif. : _cebrary, _d2013. _nAvailable via World Wide Web. _nAccess may be limited to ebrary affiliated libraries. |
||
| 650 | 0 | _aCancer cells. | |
| 650 | 0 | _aHuman cell culture. | |
| 655 | 7 |
_aElectronic books. _2local |
|
| 700 | 1 | _aPfragner, Roswitha. | |
| 700 | 1 | _aFreshney, R. Ian. | |
| 710 | 2 | _aebrary, Inc. | |
| 830 | 0 | _aCulture of specialized cells. | |
| 856 | 4 | 0 |
_uhttp://site.ebrary.com/lib/rucke/Doc?id=10114021 _zAn electronic book accessible through the World Wide Web; click to view |
| 999 |
_c105574 _d105574 |
||